000 01619nam a22004337a 4500
001 000095857
003 CHAP
005 20220329143126.0
008 060601d2006 mx r 00110 spa d
010 _a92323
011 _a93295
035 _a103867
040 _cCHAP
090 _aTesis
100 1 _aCruz Huerta, Eloisa
_929446
245 1 0 _aDeterminación del estado mineral en cabras bajo condiciones de pastoreo en agostadero /
_c/por Eloisa Cruz Huerta y Maricela Domínguez Bautista.
260 _aChapingo, Méx. :
_bEl autor,
_c2006.
300 _a49 h.
502 _aTesis (Ing. Agr. Esp. en Zootecnia) -- UACH. Departamento de Zootecnia
590 _aALEPH
_b10
_c20130110
_lUCH01
_h1512
590 _aBATCH-UPD
_b10
_c20130110
_lUCH01
_h1352
590 _aBATCH-UPD
_b10
_c20130410
_lUCH01
_h0848
590 _aBATCH-UPD
_b10
_c20130914
_lUCH01
_h1106
590 _aBATCH-UPD
_b10
_c20140324
_lUCH01
_h1457
590 _aBATCH-UPD
_b10
_c20141002
_lUCH01
_h0830
590 _aCONVERSION
_b10
_c20130109
_lUCH01
_h1351
590 _aE5765TAJ
_b10
_c20130607
_lUCH01
_h1215
650 1 4 _aGanado cabrío
_xNutrición.
_945030
650 1 4 _aGanado cabrío
_xPastoreo.
_945036
650 1 4 _aMinerales en nutrición animal.
_975937
700 1 _aDomínguez Bautista, Maricela.
_933777
856 _3Finding aid
_uhttp://10.13.5.2/tesis/103867.pdf
_zTeclea aquí
901 _aBK
905 _aAlejandra Carrasco M.
942 _cCD
942 _n0
949 _aTesis
_bBC
_cTES
_d00000001038671
_eTS1
_gDonaciØn
_h45345
_i103867
_sb
949 _aTesis
_bBC
_cTES
_d33724000991907
_eTS2
_fc.2
_gDonaciØn
_h45346
_i103867
_si
999 _c92323
_d92323